Score 0/24 Timer 04:00
0 Plays Today
Film Missing Word % Correct
Robert Downey Jr - Iron ManThunder
86.6%
Paul Bettany - VisionCode
85.8%
Scarlett Johansson - Black WidowBought
82.9%
Don Cheadle - War MachineHotel
76.1%
Scarlett Johansson - Black WidowTranslation
73.5%
Robert Downey Jr - Iron ManLess
72.6%
Paul Bettany - VisionMind
68.7%
Robert Downey Jr - Iron ManGame
67.5%
Don Cheadle - War MachineOcean's
65.5%
Scarlett Johansson - Black WidowShell
63.8%
Tom Holland - Spider-ManHeart
50.7%
Tom Holland - Spider-ManCity
48.7%
Film Missing Word % Correct
Tom Holland - Spider-ManSpies
44.7%
Scarlett Johansson - Black WidowMarriage
43.6%
Paul Bettany - VisionKnight's
39.6%
Don Cheadle - War MachineReign
38.7%
Chadwick Boseman - Black PantherEgypt
34.8%
Chadwick Boseman - Black PantherUp
30.2%
Chadwick Boseman - Black PantherBridges
29.6%
Robert Downey Jr - Iron ManDetective
27.4%
Don Cheadle - War MachineAhead
20.5%
Chadwick Boseman - Black PantherMessage
19.7%
Paul Bettany - VisionMargin
19.4%
Tom Holland - Spider-ManWinter
16.8%
Remove Ads.
Support Sporcle.
Get the best of Sporcle when you Go Orange. This ad-free experience offers more features, more stats, and more fun while also helping to support Sporcle. Thank you for becoming a member.

You're not logged in!

Compare scores with friends on all Sporcle quizzes.
OR
Log In

Sporcle TV

Today on Sporcle TV


Watch our educational content, quiz creation guides, and fun videos on Sporcle TV.

Show Comments

Extras

Top Quizzes Today


Score Distribution

Paid Content

Your Account Isn't Verified!

In order to create a playlist on Sporcle, you need to verify the email address you used during registration. Go to your Sporcle Settings to finish the process.

Report this User

Report this user for behavior that violates our Community Guidelines.

Details: